01010nam a2200289 a 450000100060000000300080000600500170001400800410003102000160007203500200008804000320010804100080014008200220014810000430017024500840021325000120029726000430030930000260035250400410037865000310041965000320045070000470048270000460052994200120057599900170058795201160060460116BD-RjUL20211209080815.0161228s1975 ilu b 001 0 eng  a0030894077  a(BD-RjUL) 60240 aDLCcDLCdDLCdBD-RjULbeng aeng00a302223bLIS 19751 aLindesmith, Alfred Ray,d1905-917893510aSocial psychology /cAlfred R. Lindesmith, Anselm L. Strauss, Norman K. Denzin. a4th ed. aHinsdale, Ill. :bDryden Press,cc1975 axiv, 594 p. ;c24 cm. aIncludes bibliographies and indexes. 0aSocial psychology.9170365 2aPsychology, Social.91789361 aStrauss, Anselm L.,ejoint author.91789371 aDenzin, Norman K.,ejoint author.9178938 2ddccBK c60116d60116 00102ddc40718NFICaRUCLbRUCLcStackd1985-11-20l0o302 LIS 1975r2016-12-28 00:00:00tC-1w2016-12-28yBK